Diario Oficial de la Generalitat de Catalunya

Detalles Bibliográficos
Autores Corporativos: Cataluą. Generalitat, Cataluą. Generalidad
Formato: Desconocido
Lenguaje:catalán
Publicado: Barcelona : Generalitat de Catalunya, Servei Central de Publicacions
Materias:
Acceso en línea:Acceso restringido

MARC

LEADER 00000ny a22000003n 4500
005 20110517120145.0
008 A10218c1977 sp zr p r f0 a0cat d
022 |a 0213-3539 
035 |a 99 
040 |a BUS  |d vLex 
080 |a 34 467.1 05 
080 |a 34 467.1 094.4 
090 |c 2012  |d 2012 
110 1 |a Cataluą.  |b Generalitat 
245 1 0 |a Diario Oficial de la Generalitat de Catalunya  |h [Recurso electrn̤ico] 
246 3 |a DOGC 
256 |a Servicio en ln̕ea 
260 |a Barcelona :  |b Generalitat de Catalunya, Servei Central de Publicacions 
310 |a Cada 2 da̕s 
650 0 4 |a Derecho  |z Espaą  |z Cataluą  |x Legislacin̤  |x Publicaciones perid̤icas 
710 2 |a Cataluą.  |b Generalidad 
740 0 |a vLex Revista (Servicios en ln̕ea) 
843 |a Electrn̤ica. Abierta 
853 |8 1  |i (year)  |j (month)  |k (day) 
856 4 0 |z Acceso restringido  |u http://vlex.com/account/login_ip?fuente_id=99 
942 |c REV